[Event "Monaco WGP 2025"]
[Site "Monaco MNC"]
[Date "2025.02.18"]
[Round "1.1"]
[White "Lagno, Kateryna"]
[Black "Goryachkina, Aleksandra"]
[Result "1-0"]
[WhiteTitle "GM"]
[BlackTitle "GM"]
[WhiteElo "2515"]
[BlackElo "2546"]
[WhiteFideId "14109336"]
[BlackFideId "4147103"]
[EventDate "2025.02.18"]

1. e4 e5 2. d4 exd4 3. Bc4 Nf6 4. Nf3 Nc6 5. Ng5 Ne5 6. Qxd4 Nxc4 7. Qxc4 d5 8.
exd5 Qxd5 9. Qe2+ Be6 10. O-O O-O-O 11. Nxe6 Qxe6 12. Qxe6+ fxe6 13. Nd2 Bc5 14.
Nb3 Bb6 15. Bf4 Rhf8 16. Rae1 Rde8 17. Be3 e5 18. Bxb6 axb6 19. Re2 Rf7 20. Rfe1
Rd7 21. f3 Rde7 22. a4 Kd8 23. Nd2 h6 24. g3 g5 25. Kg2 Re6 26. Ne4 Nxe4 27.
Rxe4 Kd7 28. h4 gxh4 29. Rxh4 Rg6 30. Rh5 Kd6 31. f4 Reg8 32. fxe5+ Ke7 33. Re3
Rc6 34. c3 Rg4 35. b3 Rcg6 36. Kh3 Ke6 37. Rf3 Re4 38. Rf6+ Rxf6 39. exf6 Kxf6
40. Rxh6+ Kg7 41. Rh4 Re3 42. Rc4 c5 43. Kg4 Kf6 44. b4 Re5 45. Kf3 Rd5 46. Rf4+
Kg6 47. Ke4 Rg5 48. g4 b5 49. axb5 cxb4 50. c4 b3 51. Kd3 Re5 52. Kc3 Re3+ 53.
Kb2 Rg3 54. c5 1-0

[Event "Monaco WGP 2025"]
[Site "Monaco MNC"]
[Date "2025.02.18"]
[Round "1.2"]
[White "Assaubayeva, Bibisara"]
[Black "Khademalsharieh, Sarasadat"]
[Result "1/2-1/2"]
[WhiteTitle "IM"]
[BlackTitle "IM"]
[WhiteElo "2492"]
[BlackElo "2458"]
[WhiteFideId "13708694"]
[BlackFideId "12512214"]
[EventDate "2025.02.18"]

1. c4 e6 2. g3 d5 3. Bg2 dxc4 4. Qa4+ Nd7 5. Qxc4 c5 6. Nf3 a6 7. Qc2 Ngf6 8.
O-O Qc7 9. a4 b6 10. d3 Bb7 11. Na3 Be7 12. e4 O-O 13. Bd2 Rfc8 14. Nc4 Qd8 15.
b3 Bc6 16. Rad1 Ra7 17. Bc3 b5 18. Nce5 Nxe5 19. Nxe5 Be8 20. f4 Nd7 21. Nf3 Bf6
22. e5 Be7 23. Qa2 Nb8 24. Kh1 Bc6 25. Rf2 Rd7 26. Rfd2 Bd5 27. Qb1 Nc6 28. axb5
axb5 29. d4 b4 30. Ba1 Bxf3 31. Bxf3 Nxd4 32. Qe4 g6 33. Bxd4 cxd4 34. Rxd4 Rxd4
35. Qxd4 Qxd4 36. Rxd4 Rc3 37. Bd1 Kf8 38. Kg2 h5 39. Rd2 Bc5 40. Rd8+ Ke7 41.
Rd2 1/2-1/2

[Event "Monaco WGP 2025"]
[Site "Monaco MNC"]
[Date "2025.02.18"]
[Round "1.3"]
[White "Dronavalli, Harika"]
[Black "Koneru, Humpy"]
[Result "0-1"]
[WhiteTitle "GM"]
[BlackTitle "GM"]
[WhiteElo "2489"]
[BlackElo "2523"]
[WhiteFideId "5015197"]
[BlackFideId "5008123"]
[EventDate "2025.02.18"]

1. e4 e5 2. Nf3 Nc6 3. Nc3 Nf6 4. Bb5 Nd4 5. Bc4 Nxf3+ 6. gxf3 d6 7. d4 Be6 8.
Bxe6 fxe6 9. Rg1 exd4 10. Qxd4 Qd7 11. Be3 e5 12. Qc4 c6 13. O-O-O Qf7 14. Qxf7+
Kxf7 15. f4 exf4 16. Bxf4 Ke6 17. Rge1 Nh5 18. Ne2 g6 19. c4 Nxf4 20. Nxf4+ Kf7
21. Kc2 Bh6 22. Nd3 Rhe8 23. e5 Bf8 24. f4 Rad8 25. Re3 Bg7 26. Rf1 Kg8 27. Rfe1
Kf7 28. Rf1 Kg8 29. Rfe1 Kf7 30. Re4 dxe5 31. fxe5 Ke7 32. Rh4 Rh8 33. Nc5 b6
34. Nd3 a5 35. b4 axb4 36. Nxb4 Rc8 37. Re3 Ke6 38. Rd4 Bf8 39. Nd3 g5 40. Re2
Be7 41. Nc1 Ra8 42. Rde4 Rhf8 43. Kb2 h5 44. Nb3 c5 45. Nd2 Rfb8 46. R4e3 Ra4
47. Rb3 g4 48. a3 Bd8 49. Rd3 Bc7 50. Kb3 Rba8 51. Ka2 Rd8 52. Rxd8 Bxd8 53. Kb3
Ra8 54. Ne4 Bc7 55. Ng5+ Ke7 56. Ne4 Ke6 57. Nf6 Rh8 58. Nd5 Bxe5 59. a4 h4 60.
Nxb6 h3 61. Nd5 g3 62. Nf4+ Kf5 63. Nd3 Bd4 64. Ne1 gxh2 65. Rxh2 Kf4 66. a5 Kg3
67. Rh1 Ra8 68. Ka4 Bc3 69. Nc2 Rxa5+ 70. Kb3 Bd2 71. Rd1 h2 72. Na3 Be3 73. Nc2
Bg1 74. Rd3+ Kg4 0-1

[Event "Monaco WGP 2025"]
[Site "Monaco MNC"]
[Date "2025.02.18"]
[Round "1.4"]
[White "Paehtz, Elisabeth"]
[Black "Tan, Zhongyi"]
[Result "1/2-1/2"]
[WhiteTitle "GM"]
[BlackTitle "GM"]
[WhiteElo "2427"]
[BlackElo "2561"]
[WhiteFideId "4641833"]
[BlackFideId "8603642"]
[EventDate "2025.02.18"]

1. e4 e5 2. Nf3 Nf6 3. Nxe5 d6 4. Nf3 Nxe4 5. Nc3 Nxc3 6. dxc3 Be7 7. Be3 O-O 8.
Qd2 Nd7 9. O-O-O c6 10. Kb1 d5 11. c4 Nb6 12. cxd5 Nxd5 13. Bc4 Be6 14. Bg5 f6
15. Qe2 Bf7 16. Bxd5 cxd5 17. Be3 Qd7 18. Nd4 Rfe8 19. h4 Bc5 20. h5 h6 21. Qf3
Re5 22. Bf4 Re7 23. Be3 Re5 24. Bf4 Re7 25. Be3 Re5 1/2-1/2

[Event "Monaco WGP 2025"]
[Site "Monaco MNC"]
[Date "2025.02.18"]
[Round "1.5"]
[White "Munguntuul, Batkhuyag"]
[Black "Kosteniuk, Alexandra"]
[Result "1-0"]
[WhiteTitle "IM"]
[BlackTitle "GM"]
[WhiteElo "2331"]
[BlackElo "2484"]
[WhiteFideId "4900758"]
[BlackFideId "4128125"]
[EventDate "2025.02.18"]

1. e4 e5 2. Nf3 Nf6 3. Nxe5 d6 4. Nf3 Nxe4 5. Nc3 Nf6 6. d4 Be7 7. Bd3 O-O 8.
O-O Bg4 9. h3 Bh5 10. Bf4 Nc6 11. Be2 Bg6 12. Nh4 Ne4 13. Nxg6 fxg6 14. Nd5 Bh4
15. Be3 Kh8 16. Bd3 Bxf2+ 17. Bxf2 Nxf2 18. Qd2 Nxd3 19. Qxd3 Qd7 20. Qb5 Qe6
21. Nxc7 Qe3+ 22. Kh1 Rab8 23. c3 h6 24. Rae1 Qg3 25. Qe2 Rf5 26. Ne8 Rd8 27.
Qe6 Qd3 28. Kg1 Qg3 29. Rxf5 gxf5 30. Rf1 f4 31. Rf3 Qh4 32. Nxd6 Rf8 33. Nxb7
Ne7 34. Nd6 Kh7 35. c4 Ng6 36. c5 Qd8 37. Qe4 Qg5 38. c6 Qf6 39. Nc4 Kh8 40. Ne5
Nh4 41. Rf2 Qg5 42. c7 Kg8 43. Rxf4 1-0

[Event "Monaco WGP 2025"]
[Site "Monaco MNC"]
[Date "2025.02.19"]
[Round "2.1"]
[White "Goryachkina, Aleksandra"]
[Black "Kosteniuk, Alexandra"]
[Result "1/2-1/2"]
[WhiteTitle "GM"]
[BlackTitle "GM"]
[WhiteElo "2546"]
[BlackElo "2484"]
[WhiteFideId "4147103"]
[BlackFideId "4128125"]
[EventDate "2025.02.18"]

1. e4 e6 2. d4 d5 3. Nc3 Bb4 4. e5 c5 5. a3 Bxc3+ 6. bxc3 Ne7 7. h4 Qc7 8. Bd2
b6 9. Bb5+ Bd7 10. a4 Bxb5 11. axb5 Qd7 12. dxc5 Qxb5 13. cxb6 Qxb6 14. h5 Nd7
15. Nf3 Nc6 16. Qe2 Qc7 17. O-O Ndxe5 18. Nxe5 Nxe5 19. Bf4 f6 20. Bxe5 fxe5 21.
Ra6 O-O 22. Rxe6 e4 23. h6 Rf7 24. Qh5 Rd8 25. Qg5 Qd7 26. Re5 Qd6 27. Rd1 Qf6
28. Qxf6 Rxf6 29. Rxe4 gxh6 30. Red4 Rc8 31. Rxd5 Rxc3 32. Rd8+ Kg7 33. R1d7+
Rf7 34. Rxf7+ Kxf7 35. Rd7+ Kg6 36. Rxa7 Rxc2 37. Ra6+ Kg5 38. f3 h5 39. Kh2 Rc1
40. Ra5+ Kg6 41. Kg3 Rc4 42. Ra6+ Kg5 43. Re6 Ra4 44. Re5+ Kg6 45. Re4 Ra2 46.
Kh3 h6 47. Re8 Rb2 48. Re6+ Kg7 49. Kg3 Ra2 50. f4 Ra3+ 51. Kf2 Rb3 52. Re3 Rb4
53. Kf3 Kf6 54. Rd3 Ra4 55. Rd6+ Kf5 56. Rd5+ Kg6 57. Ke3 Ra2 58. Kf3 Ra4 59.
Re5 Ra3+ 60. Kf2 Rb3 61. Re6+ Kf5 62. Rxh6 Kxf4 63. Rxh5 Kg4 64. Rh8 Rb2+ 65.
Kg1 Rb1+ 66. Kh2 Rb2 67. Rg8+ Kh4 68. Rd8 Ra2 69. Rd4+ 1/2-1/2

[Event "Monaco WGP 2025"]
[Site "Monaco MNC"]
[Date "2025.02.19"]
[Round "2.2"]
[White "Tan, Zhongyi"]
[Black "Munguntuul, Batkhuyag"]
[Result "1/2-1/2"]
[WhiteTitle "GM"]
[BlackTitle "IM"]
[WhiteElo "2561"]
[BlackElo "2331"]
[WhiteFideId "8603642"]
[BlackFideId "4900758"]
[EventDate "2025.02.18"]

1. Nf3 d5 2. g3 Bg4 3. Bg2 Nd7 4. h3 Bh5 5. c4 e6 6. cxd5 exd5 7. Nc3 c6 8. d3
Bd6 9. O-O Ne7 10. e4 dxe4 11. dxe4 Qc7 12. Qc2 Bxf3 13. Bxf3 O-O 14. Bg2 Nc5
15. Be3 Ne6 16. Ne2 Rad8 17. Rfd1 Bb4 18. f4 Qa5 19. Kh2 Bc5 20. b4 Qxb4 21.
Rab1 Qa5 22. Bd2 Qa6 23. Bc3 Qc4 24. Rxb7 Rxd1 25. Qxd1 Rd8 26. Qe1 f5 27. Ba5
Rf8 28. Nc1 fxe4 29. Nb3 Nd5 30. Qxe4 Qxe4 31. Bxe4 Be3 32. Bd2 Bxd2 33. Nxd2
Nc5 34. Rxa7 Nxe4 35. Nxe4 Re8 36. Nd6 Re2+ 37. Kg1 h5 38. Nf5 g6 39. Rg7+ Kf8
40. Rxg6 c5 41. Rc6 Rc2 42. Nd4 Rd2 43. Ne6+ Ke7 44. Nc7 Kd7 45. Rxc5 Nxc7 46.
Rxh5 Rxa2 47. h4 Ne6 48. Rd5+ Kc6 49. Rd3 Nc5 50. Rd4 Ne6 51. Re4 Kd5 52. Re5+
Kd6 53. h5 Nd4 54. Re3 Nf5 55. Rd3+ Ke6 56. g4 Nh4 57. Rg3 Kf6 58. g5+ Kg7 59.
Rd3 Ra4 60. h6+ Kg8 61. Rd8+ Kh7 62. Rd7+ Kg8 63. Rd8+ Kh7 64. Rf8 Ng6 65. Rf7+
Kh8 66. f5 Rg4+ 67. Kf2 Rxg5 68. fxg6 Rxg6 1/2-1/2

[Event "Monaco WGP 2025"]
[Site "Monaco MNC"]
[Date "2025.02.19"]
[Round "2.3"]
[White "Koneru, Humpy"]
[Black "Paehtz, Elisabeth"]
[Result "1/2-1/2"]
[WhiteTitle "GM"]
[BlackTitle "GM"]
[WhiteElo "2523"]
[BlackElo "2427"]
[WhiteFideId "5008123"]
[BlackFideId "4641833"]
[EventDate "2025.02.18"]

1. d4 d5 2. c4 dxc4 3. Nf3 Nf6 4. e3 Bg4 5. Bxc4 e6 6. h3 Bh5 7. O-O Be7 8. Nc3
O-O 9. Be2 c5 10. dxc5 Bxc5 11. a3 Nbd7 12. b4 Be7 13. Bb2 a5 14. bxa5 Rxa5 15.
Nd2 Nb6 16. Bxh5 Rxh5 17. Qb3 Nbd7 18. Nde4 Qb6 19. Qxb6 Nxb6 20. Rfb1 Nc4 21.
Bc1 Nxe4 22. Nxe4 b5 23. a4 b4 24. Nd2 Na5 25. Bb2 Rd5 26. Bd4 Ra8 27. Ra2 h6
28. Rc2 Rd7 29. Rbc1 b3 30. Rc8+ Rd8 31. Rxa8 Rxa8 32. Rb1 Rb8 33. Bc3 Bb4 34.
Be5 Ra8 35. Nxb3 Nxb3 36. Rxb3 Rxa4 37. g4 f6 38. Bc3 Bxc3 39. Rxc3 h5 40. gxh5
Rh4 41. Rc6 1/2-1/2

[Event "Monaco WGP 2025"]
[Site "Monaco MNC"]
[Date "2025.02.19"]
[Round "2.4"]
[White "Khademalsharieh, Sarasadat"]
[Black "Dronavalli, Harika"]
[Result "1-0"]
[WhiteTitle "IM"]
[BlackTitle "GM"]
[WhiteElo "2458"]
[BlackElo "2489"]
[WhiteFideId "12512214"]
[BlackFideId "5015197"]
[EventDate "2025.02.18"]

1. d4 e6 2. c4 b6 3. Nc3 Bb4 4. Qc2 c5 5. a3 Bxc3+ 6. Qxc3 cxd4 7. Qxd4 Nf6 8.
Bf4 Nc6 9. Qd3 d5 10. cxd5 Nxd5 11. Bd2 Bb7 12. Nf3 O-O 13. e4 Nf6 14. e5 Qxd3
15. Bxd3 Nd7 16. Bc3 Nc5 17. Bc2 Rfd8 18. O-O Ne7 19. Rfd1 Ng6 20. b4 Nf4 21.
Bd2 Ne2+ 22. Kf1 Bxf3 23. gxf3 Nd4 24. bxc5 Nxc2 25. Ra2 Nd4 26. cxb6 axb6 27.
Be3 Nxf3 28. Rxd8+ Rxd8 29. Bxb6 Ra8 30. Bc7 Nxh2+ 31. Ke2 Ng4 32. f3 Nh6 33. a4
Kf8 34. a5 Nf5 35. Bb6 Ne7 36. a6 Ke8 37. a7 Nc6 38. Rd2 Nxe5 39. Rd8+ 1-0

[Event "Monaco WGP 2025"]
[Site "Monaco MNC"]
[Date "2025.02.19"]
[Round "2.5"]
[White "Lagno, Kateryna"]
[Black "Assaubayeva, Bibisara"]
[Result "1/2-1/2"]
[WhiteTitle "GM"]
[BlackTitle "IM"]
[WhiteElo "2515"]
[BlackElo "2492"]
[WhiteFideId "14109336"]
[BlackFideId "13708694"]
[EventDate "2025.02.18"]

1. c4 g6 2. e4 Bg7 3. d4 d6 4. Nc3 Nf6 5. Bd3 e5 6. d5 a5 7. Nge2 Na6 8. O-O O-O
9. Bg5 h6 10. Bh4 Qe8 11. f3 Nh5 12. a3 Bd7 13. Bc2 f5 14. exf5 gxf5 15. Rb1 Nc5
16. b3 Kh8 17. Kh1 Nf6 18. b4 axb4 19. axb4 Na4 20. Nb5 Bxb5 21. cxb5 Nb6 22.
Bxf6 Rxf6 23. Ng3 Qf7 24. Nxf5 Rxf5 25. Qd3 Nxd5 26. Qxf5 Qxf5 27. Bxf5 Ne3 28.
g4 Nxf1 29. Rxf1 b6 30. Rc1 Ra7 31. Kg2 Bf6 32. Be4 Bg5 33. Rc2 Kg7 34. Kg3 Bf4+
35. Kg2 Bg5 36. Kg3 Bf4+ 37. Kg2 Bg5 38. Kg3 1/2-1/2

[Event "Monaco WGP 2025"]
[Site "Monaco MNC"]
[Date "2025.02.20"]
[Round "3.1"]
[White "Assaubayeva, Bibisara"]
[Black "Goryachkina, Aleksandra"]
[Result "0-1"]
[WhiteTitle "IM"]
[BlackTitle "GM"]
[WhiteElo "2492"]
[BlackElo "2546"]
[WhiteFideId "13708694"]
[BlackFideId "4147103"]
[EventDate "2025.02.18"]

1. c4 e6 2. Nf3 d5 3. g3 d4 4. Bg2 Nc6 5. O-O Bc5 6. e3 Nge7 7. d3 O-O 8. e4 e5
9. Nbd2 a6 10. a3 a5 11. Ne1 a4 12. f4 exf4 13. gxf4 Ra6 14. Kh1 f5 15. e5 Qe8
16. b4 axb3 17. Nxb3 Ba7 18. Nc2 Ng6 19. Qh5 Be6 20. a4 Qc8 21. Bd2 Qd7 22. a5
Rb8 23. Kg1 Bf7 24. Qh3 Nf8 25. Qf3 Ne7 26. Bb4 Ne6 27. Bxe7 Qxe7 28. Kh1 c6 29.
Qh3 g6 30. Qg3 Bc5 31. Rfb1 Rba8 32. Qf2 R8a7 33. Rb2 Qd8 34. Rab1 Qd7 35. h3
Ra8 36. Kh2 Rd8 37. Nc1 Ra7 38. Qh4 Be7 39. Qg3 Bf8 40. Qh4 Nc5 41. Ra1 Qc7 42.
Rba2 Rd7 43. Bf1 Be7 44. Qf2 Qd8 45. Ne1 Ra6 46. Qb2 Bf8 47. Ng2 h6 48. Nb3 Nxb3
49. Qxb3 Be6 50. Qb1 g5 51. Rb2 Qc7 52. Qe1 Bg7 53. Kh1 Re7 54. Qg3 Rxa5 55.
Rab1 Bc8 56. h4 g4 57. Qf2 Qd8 58. Kg1 h5 59. Qd2 Bf8 60. Kf2 Ra3 61. Ra2 Rxa2
62. Qxa2 Rg7 63. Kg3 Bc5 64. Qa8 Qc7 65. Be2 Kh7 66. Bd1 Re7 67. Bb3 Kg7 68. Bc2
b6 69. Bd1 Bb7 70. Qa1 Re8 71. Qb2 Ra8 72. Ra1 Rxa1 73. Qxa1 Kf8 74. Ne1 Be7 75.
Qxd4 c5 76. Qc3 Qd8 77. Ng2 Kg8 78. Bc2 Bxg2 79. Kxg2 Qa8+ 80. Kg1 Qf3 81. Qd2
Qg3+ 82. Kf1 Qxh4 83. Qg2 g3 84. Bd1 Qxf4+ 85. Qf3 Qxf3+ 86. Bxf3 h4 87. Kg2 Kg7
88. Bd5 Kg6 89. Kf3 Kg5 90. Bc6 Bd8 91. Bd7 Bc7 92. e6 Bd6 93. Bc6 Kf6 94. Bd5
h3 0-1

[Event "Monaco WGP 2025"]
[Site "Monaco MNC"]
[Date "2025.02.20"]
[Round "3.2"]
[White "Dronavalli, Harika"]
[Black "Lagno, Kateryna"]
[Result "1/2-1/2"]
[WhiteTitle "GM"]
[BlackTitle "GM"]
[WhiteElo "2489"]
[BlackElo "2515"]
[WhiteFideId "5015197"]
[BlackFideId "14109336"]
[EventDate "2025.02.18"]

1. Nf3 Nf6 2. g3 g6 3. Bg2 Bg7 4. c4 O-O 5. d4 d6 6. Nc3 Nbd7 7. O-O e5 8. e3
Re8 9. a4 a5 10. b3 exd4 11. exd4 Nf8 12. Be3 Bf5 13. Nh4 Bg4 14. Qd2 Qd7 15.
Rae1 Bh3 16. d5 Bxg2 17. Kxg2 Ne4 18. Nxe4 Rxe4 19. Nf3 b6 20. Ng5 Re7 21. Bd4
Rae8 22. Bxg7 Kxg7 23. Qd4+ f6 24. Nf3 Rxe1 25. Rxe1 Rxe1 26. Nxe1 Qe7 27. Nd3
Nd7 28. h4 Kf7 29. Kf1 h5 30. Qf4 Kg7 31. Qd4 Kf7 32. Qf4 Kg7 33. Qd4 Kf7 34.
Qf4 Kg7 1/2-1/2

[Event "Monaco WGP 2025"]
[Site "Monaco MNC"]
[Date "2025.02.20"]
[Round "3.3"]
[White "Paehtz, Elisabeth"]
[Black "Khademalsharieh, Sarasadat"]
[Result "1/2-1/2"]
[WhiteTitle "GM"]
[BlackTitle "IM"]
[WhiteElo "2427"]
[BlackElo "2458"]
[WhiteFideId "4641833"]
[BlackFideId "12512214"]
[EventDate "2025.02.18"]

1. e4 e5 2. Nf3 Nc6 3. Bb5 a6 4. Bxc6 dxc6 5. Nc3 Qd6 6. d4 exd4 7. Qxd4 Qxd4 8.
Nxd4 Bd7 9. f3 O-O-O 10. Be3 Bb4 11. Ne2 h5 12. h4 Ne7 13. a3 Bd6 14. Nf4 Rde8
15. Kf2 b6 16. Rad1 f6 17. Rd2 Kb7 18. Rhd1 Bc8 19. Nfe2 Ng6 20. Rh1 f5 21. exf5
Bxf5 22. Nd4 Bc8 23. Ne4 Be5 24. c3 Rhf8 25. Ne2 c5 26. Bg5 Ne7 27. N2g3 g6 28.
Re1 Nc6 29. Rde2 Bd7 30. Nf6 Bxf6 31. Rxe8 Rxe8 32. Bxf6 Rxe1 33. Kxe1 Na5 34.
Bg5 Kc6 35. Kd2 Nc4+ 36. Kc1 Nd6 37. Ne4 Nxe4 38. fxe4 Be6 39. Bf4 Bb3 40. Kd2
Kd7 1/2-1/2

[Event "Monaco WGP 2025"]
[Site "Monaco MNC"]
[Date "2025.02.20"]
[Round "3.4"]
[White "Munguntuul, Batkhuyag"]
[Black "Koneru, Humpy"]
[Result "1/2-1/2"]
[WhiteTitle "IM"]
[BlackTitle "GM"]
[WhiteElo "2331"]
[BlackElo "2523"]
[WhiteFideId "4900758"]
[BlackFideId "5008123"]
[EventDate "2025.02.18"]

1. e4 e5 2. Nf3 Nc6 3. Bc4 Bc5 4. c3 Nf6 5. d4 exd4 6. e5 d5 7. Bb5 Ne4 8. cxd4
Bb4+ 9. Nbd2 O-O 10. O-O Bd7 11. Bd3 Nxd2 12. Bxd2 Bxd2 13. Qxd2 Bg4 14. Be2 f6
15. Rad1 Qd7 16. h3 Bh5 17. Rfe1 Qf7 18. Qf4 Rae8 19. Qh4 Bg6 20. Bb5 Re6 21.
exf6 Rxe1+ 22. Rxe1 Qxf6 23. Bxc6 Qxc6 24. Ne5 Qc2 25. Nxg6 hxg6 26. Re7 Qc1+
27. Kh2 Qxb2 28. Rxc7 Qxf2 29. Qxf2 Rxf2 30. Rxb7 Rxa2 31. Rb5 Kf7 32. Rxd5 a5
33. Rd7+ Kf6 34. Ra7 a4 35. d5 Rd2 36. Rxa4 Rxd5 37. Ra6+ Kg5 38. Ra7 Kf6 39.
Ra6+ Kg5 40. Ra7 Kf6 1/2-1/2

[Event "Monaco WGP 2025"]
[Site "Monaco MNC"]
[Date "2025.02.21"]
[Round "4.1"]
[White "Goryachkina, Aleksandra"]
[Black "Tan, Zhongyi"]
[Result "1/2-1/2"]
[WhiteTitle "GM"]
[BlackTitle "GM"]
[WhiteElo "2546"]
[BlackElo "2561"]
[WhiteFideId "4147103"]
[BlackFideId "8603642"]
[EventDate "2025.02.18"]

1. e4 e5 2. Nf3 Nf6 3. Nxe5 d6 4. Nf3 Nxe4 5. d4 d5 6. Bd3 Bf5 7. O-O Be7 8. Re1
O-O 9. Nbd2 Nd6 10. Nf1 Bxd3 11. Qxd3 c6 12. Bf4 Na6 13. Re2 Nc7 14. Ne3 Ne6 15.
Bxd6 Bxd6 16. g3 Re8 17. h4 Qf6 18. Kg2 Qg6 19. Qxg6 hxg6 20. a4 f6 21. c3 Kf7
22. b4 Nc7 23. Rb2 a6 24. Ne1 Red8 25. Nd3 Bf8 26. Nc5 Ra7 27. Nb3 Rda8 28. f3
Ne8 29. Re1 Nd6 30. Kf2 Re8 31. Rbe2 Re7 32. Ng2 Nc4 33. Ne3 Nd6 34. Nd1 Nc4 35.
Nb2 Nxb2 36. Rxb2 Rxe1 37. Kxe1 b6 38. a5 b5 39. Kf2 Bd6 40. Nc1 Ra8 41. Nd3 Rh8
42. Kg2 Re8 43. Rd2 Re7 44. Kf2 Re8 45. Rd1 Rh8 46. Rg1 Rh5 47. f4 Rh8 48. Kf3
Rh7 49. Kg4 Rh8 50. Re1 Rh7 51. Re3 Rh5 52. Kf3 Rh8 53. Re1 Rh7 54. Rh1 Rh8 55.
Nf2 Rh7 56. Re1 Rh8 57. Ng4 Rh7 58. Ne3 Rh8 59. Re2 Rh5 60. Kg4 Rh8 61. Re1 Re8
62. Kf3 Rh8 63. Rf1 Rh5 64. Rh1 Rh8 65. g4 Re8 66. h5 gxh5 67. gxh5 Re4 68. Rh4
Bf8 69. Rg4 Re8 70. Rg1 Re4 71. Nf5 Re8 72. Kf2 Re4 73. Rg4 Re8 74. Ng3 Bd6 75.
Nf5 Bf8 76. Ne3 Bd6 77. Kf3 Re4 78. f5 Re8 79. Ng2 Rh8 80. Rh4 Bc7 81. Rh1 Bd6
82. Ne3 Re8 83. Rh4 Bg3 84. Rh1 Bd6 85. Ng2 Re4 86. Rh3 Kg8 87. Rh4 Rxh4 88.
Nxh4 Kh7 89. Kg4 Kh6 90. Nf3 Kh7 91. Ne1 Kh6 92. Nd3 Kh7 93. Ne1 1/2-1/2

[Event "Monaco WGP 2025"]
[Site "Monaco MNC"]
[Date "2025.02.21"]
[Round "4.2"]
[White "Koneru, Humpy"]
[Black "Kosteniuk, Alexandra"]
[Result "1/2-1/2"]
[WhiteTitle "GM"]
[BlackTitle "GM"]
[WhiteElo "2523"]
[BlackElo "2484"]
[WhiteFideId "5008123"]
[BlackFideId "4128125"]
[EventDate "2025.02.18"]

1. d4 d5 2. c4 e6 3. Nc3 c6 4. e3 Nf6 5. Nf3 Nbd7 6. Bd3 dxc4 7. Bxc4 b5 8. Bd3
b4 9. Na4 Qa5 10. O-O Ba6 11. Bxa6 Qxa6 12. Bd2 Be7 13. Qb3 Qb5 14. Rfc1 O-O 15.
Rc4 Nb6 16. Nxb6 axb6 17. Rac1 c5 18. a3 Ne4 19. dxc5 Nxd2 20. Nxd2 bxc5 21. Ne4
Rfb8 22. Nxc5 bxa3 23. Qxb5 Rxb5 24. bxa3 g6 25. a4 Rxc5 26. Rxc5 Bxc5 27. Rxc5
Rxa4 28. g3 h5 29. h4 Kg7 30. Kg2 Kf6 31. Rb5 Rc4 32. Ra5 Rb4 33. Rc5 Ra4 34.
Rb5 Rc4 35. Ra5 Rb4 36. Rc5 Ra4 1/2-1/2

[Event "Monaco WGP 2025"]
[Site "Monaco MNC"]
[Date "2025.02.21"]
[Round "4.3"]
[White "Khademalsharieh, Sarasadat"]
[Black "Munguntuul, Batkhuyag"]
[Result "1/2-1/2"]
[WhiteTitle "IM"]
[BlackTitle "IM"]
[WhiteElo "2458"]
[BlackElo "2331"]
[WhiteFideId "12512214"]
[BlackFideId "4900758"]
[EventDate "2025.02.18"]

1. c4 c6 2. d4 d5 3. cxd5 cxd5 4. Bf4 Nc6 5. e3 Nf6 6. Nc3 Bf5 7. Nf3 e6 8. Bb5
Bd6 9. Bxc6+ bxc6 10. Bxd6 Qxd6 11. O-O Bg4 12. h3 Bxf3 13. Qxf3 O-O 14. Na4 e5
15. dxe5 Qxe5 16. Rac1 Ne4 17. Qe2 Rfc8 18. Nc5 Nxc5 19. Rxc5 Rab8 20. b3 Rb6
21. Rfc1 h5 22. Qd2 Qe6 23. Qc3 Qe4 24. a3 Rc7 25. b4 a6 26. Qd2 Qe7 27. Qd4 Qd8
28. Qe5 Re7 29. Qxh5 Re6 30. Qf5 Qd7 31. h4 Rb5 32. Qg4 Qe8 33. h5 Rh6 34. Qf5
Rf6 35. Qg5 Rxc5 36. Rxc5 Qe4 37. Rc1 Qd3 38. Qg4 Qxa3 39. Qc8+ Kh7 40. Rxc6
Rxc6 41. Qxc6 Qa1+ 42. Kh2 Qe5+ 43. g3 Qxh5+ 44. Kg2 Qf5 45. Qxa6 Qe4+ 46. Kh2
Qxb4 47. Qe2 1/2-1/2

[Event "Monaco WGP 2025"]
[Site "Monaco MNC"]
[Date "2025.02.21"]
[Round "4.4"]
[White "Lagno, Kateryna"]
[Black "Paehtz, Elisabeth"]
[Result "1-0"]
[WhiteTitle "GM"]
[BlackTitle "GM"]
[WhiteElo "2515"]
[BlackElo "2427"]
[WhiteFideId "14109336"]
[BlackFideId "4641833"]
[EventDate "2025.02.18"]

1. d4 d5 2. c4 e6 3. Nc3 h6 4. Bf4 Nf6 5. c5 Nh5 6. Bd2 e5 7. e3 g6 8. dxe5 Bxc5
9. Qb3 c6 10. O-O-O Be7 11. Nf3 Na6 12. e6 Nc5 13. exf7+ Kf8 14. Qc2 Bf5 15. e4
dxe4 16. g4 Bxg4 17. Ne5 Bxd1 18. Nxg6+ Kg7 19. Qxd1 e3 20. fxe3 Kxg6 21. Rg1+
Bg5 22. h4 Nf6 23. hxg5 hxg5 24. Qc2+ Kxf7 25. Bc4+ Ke7 26. Qf5 Qd6 27. e4 Qd4
28. Rf1 Ncd7 29. Bxg5 Rhf8 30. Be6 Rad8 31. Bxd7 Rxd7 32. e5 Kd8 33. Bxf6+ Kc7
34. e6 Qd2+ 35. Kb1 Rd6 36. e7 Re8 37. Be5 Rxe7 38. Rd1 1-0

[Event "Monaco WGP 2025"]
[Site "Monaco MNC"]
[Date "2025.02.21"]
[Round "4.5"]
[White "Assaubayeva, Bibisara"]
[Black "Dronavalli, Harika"]
[Result "1/2-1/2"]
[WhiteTitle "IM"]
[BlackTitle "GM"]
[WhiteElo "2492"]
[BlackElo "2489"]
[WhiteFideId "13708694"]
[BlackFideId "5015197"]
[EventDate "2025.02.18"]

1. c4 e6 2. Nc3 d5 3. d4 Nf6 4. cxd5 exd5 5. Nf3 h6 6. Bf4 Bd6 7. Bxd6 Qxd6 8.
e3 O-O 9. Bd3 Bg4 10. h3 Bxf3 11. Qxf3 c5 12. dxc5 Qxc5 13. O-O Nc6 14. Rac1
Rfd8 15. Rfd1 Qe7 16. Qe2 Kf8 17. Bb5 d4 18. Bxc6 dxc3 19. Bf3 Rxd1+ 20. Rxd1
cxb2 21. Qxb2 Rb8 22. Qb5 b6 23. Qa6 Qc7 24. Qa3+ Qe7 25. Qa6 Qc7 26. Qa3+ Qe7
27. Qa6 1/2-1/2